| 000 | 00399nam a22001577a 4500 | ||
|---|---|---|---|
| 005 | 20160426165353.0 | ||
| 008 | 160426b xxu||||| |||| 00| 0 eng d | ||
| 020 | _a0-07-460150-4 | ||
| 041 | _aeng | ||
| 082 | _b00185 | ||
| 100 |
_aHall, Douglas V. _989 |
||
| 245 | _aMicroprocessonrs and Interfacing: Prog. & Hardware | ||
| 260 |
_aNew Delhi _bTata MC Graw Hill, _c1986 |
||
| 300 | _a554 | ||
| 942 | _cBK | ||
| 999 |
_c64 _d64 |
||